000
00338nam a2200133Ia 4500
008
100328s9999 xx 000 0 und d
082
_b
2650
100
_a
Rackham Holt
245
_a
George Washington Carver
260
_b
Overseas Editions
630
_a
George Washington Carver
730
_a
George Washington Carver
942
_c
BOOK
999
_c
498856
_d
498853